Statistiques concernant Echelle internationale des temps géologiques

Cliquez ici pour prendre le quiz!

Statistiques générales

  • Ce quiz a été pris 60 fois
  • Le résultat moyen est 19 sur 48

Statistiques - réponses

Réponse% Correct
Crétacé
88%
Jurassique
88%
Trias
79%
Cambrien
76%
Quaternaire
73%
Paléozoïque
70%
Permien
70%
Cénozoïque
67%
Mésozoïque
67%
Silurien
64%
Carbonifère
61%
Dévonien
61%
Ordovicien
61%
Paléogène
58%
Eocène
55%
Holocène
55%
Néogène
55%
Pléistocène
55%
Miocène
48%
Paléocène
48%
Pliocène
48%
Oligocène
42%
Crétacé inférieur
30%
Crétacé supérieur
30%
Trias inférieur
27%
Trias moyen
27%
Trias supérieur
27%
Cambrien inférieur
24%
Cambrien moyen
24%
Cambrien supérieur
24%
Mississipien
24%
Dévonien inférieur
21%
Dévonien moyen
21%
Dévonien supérieur
21%
Ordovicien supérieur
21%
Pennsylvanien
21%
Dogger
18%
Llandovery
18%
Malm
18%
Ordovicien inférieur
18%
Ordovicien moyen
18%
Guadalupien
15%
Cisuralien
12%
Lias
12%
Lopingien
12%
Ludlow
12%
Pridoli
12%
Wenlock
12%

Distribution des résultats

Percentile par nombre de réponses

% des personnes avec chaque résultat

Votre développement - résultats

Vous n’avez pas pris ce quiz